000 00226nam a2200097 4500
999 _c531735
_d531735
040 _cDLC
082 _a624.18341
_bMAE
100 _aMaekawa, K.
_924726
245 _aNonlinear mechanics of reinforced concrete
942 _2ddc
_cBK